000 01080nam a22002171a 4500
999 _c4549
_d4549
001 4549
003 OSt
005 20260204211937.0
008 050825s2003||||dr ||||||b||||||||||spa||
090 _aEDU-BQ 2003 A59
100 1 _aAlvarez Then, Ramona Mercedes
_esustentante
245 _aNivel de desempeño de los maestros en la aplicación de métodos y técnicas en la enseñanza del área de ciencias de la naturaleza en el liceo Francisco Henríquez y Carvajal (Matutino) distrito educativo 16-01 de Cotuí, zona urbana, año esolar 2002-2003 / Ramona Mercedes Alvarez Then, Genara Báez Aquino, Leonor Custodio Sánchez. ; asesor Mercedes Soriano
264 _aSanto Domingo : El Autor
502 _aTesis (Educación, Mención Biología y Química)
650 4 _aDesempeño de los maestros en la aplicación
700 1 _aBáez Aquino, Genara
_esustentante
700 1 _a Custodio Sánchez, Leonor
_esustentante
700 1 _a Soriano, Mercedes
_easesor
942 _2LC
_cTH